Príjmy Slováka a Európana sa nedajú porovnať

Priemerný Slovák disponuje o 43 percent menším príjmom ako priemerný Európan. Zo 42 krajín Európy sa Slovensko radí na 23. priečku a udržalo si svoju pozíciu z roku 2013.

Saved in:
Bibliographic Details
Format: Book Chapter
Language:Slovak
Subjects:
Tags: Add Tag
No Tags, Be the first to tag this record!

MARC

LEADER 00000naa a2200000 4500
001 0194913
005 20231011070027.5
041 0 |a slo 
044 |a SK 
245 1 0 |a Príjmy Slováka a Európana sa nedajú porovnať 
520 |a Priemerný Slovák disponuje o 43 percent menším príjmom ako priemerný Európan. Zo 42 krajín Európy sa Slovensko radí na 23. priečku a udržalo si svoju pozíciu z roku 2013. 
610 2 0 |a Slovensko 
610 2 0 |a Európa 
610 2 0 |a príjmy obyvateľstva